Albanian identities : myth and history

Αποθηκεύτηκε σε:
Λεπτομέρειες βιβλιογραφικής εγγραφής
Άλλοι συγγραφείς: Schwandner-Sievers, Stephanie (edtf), Fischer, Bernd Jürgen, 1952- (Επιμελητής έκδοσης)
Μορφή: Βιβλίο
Γλώσσα:English
Δημοσίευση: London : Hurst & Company, 2002.
Θέματα:
Ετικέτες: Προσθήκη ετικέτας
Δεν υπάρχουν, Καταχωρήστε ετικέτα πρώτοι!

MARC

LEADER 00000cam a2200000 i 4500
001 1/74073
008 050322s2002 enk| ||| |||| ||eng||
020 |a 1850655715 (pbk)  |q (χαρτόδετο) 
020 |a 1850655723 
035 |l 10077272 
040 |a GR-MyUa  |b gre  |e AACR2 
041 0 |a eng 
082 7 |a 949.65   |2 (21) 
245 1 0 |a Albanian identities :   |b myth and history /   |c Stephanie Schwander-Sievers, Bernd J. Fischer. 
260 |a London :   |b Hurst & Company,   |c 2002. 
300 |a xvii, 238 σ. ;   |c 22 εκ. 
500 |a Περιλαμβάνει ευρετήριο. 
650 0 |a Nationalism  |x Albania. 
651 0 |a Albania  |x Historiography. 
651 0 |a Albania  |x Politics and government. 
700 1 |a Schwandner-Sievers, Stephanie,  |e edtf 
700 1 |a Fischer, Bernd Jürgen,   |d 1952-  |e edt 
767 0 8 |i Μεταφρασμένο ως:   |t Αλβανικές ταυτότητες :  
852 |a INST  |b LESVOS  |e 20050322  |h 949.65 ALB  |p 005100030029  |q 005100030029  |t BK  |y 0 
901 |a BIBL1-2005-1 
920 |a ΔΙΕΥΡΥΝΣΗ  |b ΕΠΕΑΕΚ-ΤΚ  |y Λέσβος  |z 2004-10 
970 |a ΜΑΡΙΝΑΤΟΥ  |b ΜΥΡΣΙΝΗ  |z 2005/03/22